|
|
|
|
| LEADER |
00000nam a2200000 i 4500 |
| 001 |
DIGALBA0204 |
| 003 |
NyNyDIG |
| 007 |
cr ||||||||||| |
| 008 |
220824t20142006sp o 000 0 spa d |
| 006 |
m o d |
| 035 |
|
|
|a (OCoLC)1350508073
|
| 040 |
|
|
|a DGITA
|b eng
|e rda
|e pn
|c DGITA
|
| 020 |
|
|
|a 9788484289937
|q eBook
|
| 020 |
|
|
|z 9788484289722
|
| 041 |
1 |
|
|a spa
|h eng
|
| 050 |
1 |
4 |
|a PN1996 ebook
|
| 082 |
1 |
4 |
|a 808.23
|
| 130 |
0 |
|
|a Writing movies.
|l Spanish
|s (Sauras)
|
| 245 |
1 |
0 |
|a Escribir cine :
|b guía práctica para guionistas de la famosa escuela de escritores de Nueva York /
|c Gotham Writer's Workshop ; Alexander Steele, editor ; traducción, Pablo Sauras.
|
| 250 |
|
|
|a Edición en formato digital.
|
| 264 |
|
1 |
|a Barcelona :
|b Alba,
|c [2014]
|
| 264 |
|
4 |
|c ©2006
|
| 300 |
|
|
|a 1 online resource.
|
| 336 |
|
|
|a text
|b txt
|2 rdacontent
|
| 337 |
|
|
|a computer
|b c
|2 rdamedia
|
| 338 |
|
|
|a online resource
|b cr
|2 rdacarrier
|
| 347 |
|
|
|a text file
|2 rdaft
|
| 347 |
|
|
|b EPUB
|
| 490 |
1 |
|
|a Fuera de campo
|
| 588 |
0 |
|
|a Online resource; title from ePub title page (Digitalia, viewed August 24, 2022)
|
| 650 |
|
0 |
|a Motion picture authorship.
|
| 655 |
|
0 |
|a Electronic books.
|
| 700 |
1 |
|
|a Steele, Alexander,
|e editor.
|
| 700 |
1 |
|
|a Sauras, Pablo,
|e translator.
|
| 710 |
2 |
|
|a Gotham Writers' Workshop,
|e author.
|
| 730 |
0 |
|
|i Translation of:
|a Writing movies.
|
| 791 |
2 |
|
|a Digitalia (Firm),
|e distributor.
|
| 793 |
0 |
|
|g Digitalia eBook Collection:
|a Alba Editorial
|
| 776 |
0 |
8 |
|i Print version:
|a Writing movies. Spanish (Sauras).
|t Escribir cine.
|d Barcelona : Alba, 2014
|z 9788484289722
|
| 830 |
|
0 |
|a Fuera de campo ;
|v 18.
|
| 856 |
4 |
0 |
|u https://digitalia.uam.elogim.com/a/40530/
|z Texto completo
|
| 910 |
|
|
|a Premium collection: 2022
|